[Event "AUTO-BEG-249"]
[Site "http://www.queenalice.com/game.php?id=463781"]
[Date "2008.9.16"]
[Round "1"]
[White "Flare07"]
[Black "Nica_Pinica"]
[Result "1-0"]
[WhiteElo "1034"]
[BlackElo "934"]

1. e4 Nf6 2. Nc3 Nc6 3. Nf3 d6 4. d4 e6 5. Bg5 Be7 6. Bd3 O-O 7. O-O a5 8. Re1
Nb4 9. Qd2 Nh5 10. e5 dxe5 11. dxe5 Qd7 12. Rad1 b5 13. Be4 Qe8 14. Bxa8 Bc5 15.
Qe2 f6 16. exf6 Qf7 17. fxg7 Qxg7 18. Rd8 a4 19. Rxc8 Rxc8 20. Qxe6+ Kh8 21.
Qxc8+ Qg8 22. Re8 Kg7 23. Rxg8+ Kf7 24. Qe8# 1-0

[Event "AUTO-BEG-249"]
[Site "http://www.queenalice.com/game.php?id=463782"]
[Date "2008.9.16"]
[Round "1"]
[White "Nica_Pinica"]
[Black "Flare07"]
[Result "0-1"]
[WhiteElo "934"]
[BlackElo "960"]

1. d4 d5 2. Nc3 Nf6 3. Bg5 Nc6 4. Qd3 h6 5. Bh4 e5 6. O-O-O Be6 7. Qb5 Qc8 8.
Bg3 a6 9. Qa4 b5 10. Qa5 Bd6 11. Qb6 O-O 12. Qxc6 exd4 13. Rxd4 Bxg3 14. hxg3
Rd8 15. Rdh4 d4 16. Nxb5 axb5 17. Qxb5 Rxa2 18. Kb1 Qa8 19. Qe5 Ra1# 0-1

[Event "Partidinha fora de torneio?"]
[Site "http://www.queenalice.com/game.php?id=464973"]
[Date "2008.9.18"]
[Round "-"]
[White "Archer"]
[Black "Flare07"]
[Result "0-1"]
[WhiteElo "1440"]
[BlackElo "1084"]

1. e4 c5 2. Bc4 Nc6 3. Nf3 d6 4. d4 Bg4 5. dxc5 dxc5 6. Qxd8+ Rxd8 7. Nbd2 e5 8.
a4 Nf6 9. h3 Bh5 10. g4 Bg6 11. a5 Nb4 12. O-O Nxc2 13. Ra4 Bd6 14. a6 Rd7 15.
Bb5 bxa6 16. Rxa6 Bb8 17. Rc6 Rb7 18. Rc8+ Ke7 19. Rxh8 Rxb5 20. Nxe5 Bxe5 21.
Nc4 Bd4 22. Ra8 Rb7 23. Na5 Rc7 24. Bf4 Rd7 25. e5 Nd5 26. Bg5+ f6 27. Nc6+ Ke6
28. exf6 gxf6 29. Bh4 Bxb2 30. Rb1 Bd4 31. g5 Ncb4 32. Nxa7 Bxb1 33. Nb5 Be4 34.
Re8+ Re7 35. Rh8 fxg5 36. Bxg5 Bxh8 37. Bxe7 Kxe7 38. h4 Bd3 39. Na7 c4 40. Nc8+
Kd7 41. Na7 c3 42. f4 c2 43. f5 c1=Q+ 44. Kg2 Qf1+ 45. Kg3 Qf4+ 46. Kg2 Be4+ 47.
Kh3 Qf3+ 0-1

[Event "AUTO-OPEN-1268"]
[Site "http://www.queenalice.com/game.php?id=465189"]
[Date "2008.9.18"]
[Round "1"]
[White "Flare07"]
[Black "HELDER"]
[Result "1-0"]
[WhiteElo "1445"]
[BlackElo "1650"]

1. e4 c6 2. Nf3 Nf6 3. Nc3 Qb6 4. d4 c5 5. Be3 Qxb2 6. Na4 Qb4+ 7. Qd2 Qxa4 8.
Ne5 Nxe4 9. Qd3 d5 10. f3 c4 11. Qe2 Nc3 12. Qd2 Qa5 13. Bxc4 dxc4 14. Nxc4 Qb4
15. Ne5 Qb2 16. O-O Nd5 17. Rfb1 Qa3 18. Rb3 Qa6 19. c4 Nxe3 20. Rxe3 f6 21. Nd3
Qxc4 22. Rc1 Qxd4 23. Rxc8+ Kf7 24. Qe2 Qd7 25. Rc4 b5 26. Rce4 Nc6 27. Nf4 e5
28. Rd3 Bc5+ 29. Kf1 Nd4 30. Qd2 exf4 31. Qxf4 Nf5 32. Rxd7+ Kf8 33. Qxf5 Bb6
34. Qd5 Rc8 35. Qf7# 1-0

[Event "AUTO-OPEN-1268"]
[Site "http://www.queenalice.com/game.php?id=465190"]
[Date "2008.9.18"]
[Round "1"]
[White "HELDER"]
[Black "Flare07"]
[Result "1-0"]
[WhiteElo "1564"]
[BlackElo "1192"]

1. e4 c5 2. Bc4 d6 3. Nc3 Nf6 4. Qe2 Nc6 5. Nf3 Bg4 6. e5 Nd7 7. e6 fxe6 8. Bxe6
Bxe6 9. Qxe6 Nd4 10. Nxd4 cxd4 11. Ne4 g6 12. Ng5 Qc7 13. Qf7+ Kd8 14. Ne6+ Kc8
15. Qe8+ 1-0

[Event "AUTO-OPEN-1268"]
[Site "http://www.queenalice.com/game.php?id=465191"]
[Date "2008.9.18"]
[Round "1"]
[White "Flare07"]
[Black "jonathanodonnell"]
[Result "0-1"]
[WhiteElo "1476"]
[BlackElo "1992"]

1. e4 c6 2. Nf3 d5 3. d3 dxe4 4. dxe4 Qxd1+ 5. Kxd1 Nd7 6. Nc3 e6 7. Bf4 Bb4 8.
a3 Bxc3 9. bxc3 Ne7 10. Bd3 Ng6 11. Bg3 O-O 12. Rb1 Rd8 13. Re1 Nc5 14. Re3 f5
15. Kc1 f4 16. Bxf4 Nxf4 17. g3 Nfxd3+ 18. cxd3 Nxd3+ 19. Kc2 Nxf2 20. Rf1 Ng4
21. Re2 b6 22. Rd2 Ne3+ 23. Kc1 Rxd2 24. Re1 Ra2 25. Rxe3 Ba6 0-1

[Event "AUTO-OPEN-1268"]
[Site "http://www.queenalice.com/game.php?id=465192"]
[Date "2008.9.18"]
[Round "1"]
[White "jonathanodonnell"]
[Black "Flare07"]
[Result "1-0"]
[WhiteElo "1994"]
[BlackElo "1476"]

1. e4 c5 2. Nf3 d6 3. d4 Nc6 4. d5 Ne5 5. Nxe5 dxe5 6. Bb5+ Bd7 7. Qe2 a6 8.
Bxd7+ Qxd7 9. O-O Nf6 10. Bg5 e6 11. Bxf6 gxf6 12. Nc3 O-O-O 13. Rfd1 Rg8 14.
dxe6 Qxe6 15. Rxd8+ Kxd8 16. Rd1+ Bd6 17. Qd3 Ke7 18. Nd5+ Kd7 19. c4 Kc6 20.
Qb3 b5 21. cxb5+ axb5 22. a4 bxa4 23. Qxa4+ Kb7 24. Qb5+ Kc8 25. Qc6+ 1-0

[Event "AUTO-BEG-250"]
[Site "http://www.queenalice.com/game.php?id=466076"]
[Date "2008.9.20"]
[Round "1"]
[White "Putz"]
[Black "Flare07"]
[Result "0-1"]
[WhiteElo "1377"]
[BlackElo "1383"]

1. e4 c5 2. Bc4 d6 3. h3 Nf6 4. Nc3 Nc6 5. f4 e5 6. d3 b6 7. f5 Be7 8. g4 Nd4 9.
Nf3 Bb7 10. Nxd4 cxd4 11. Nd5 O-O 12. b3 Qd7 13. Nxf6+ Bxf6 14. g5 Be7 15. g6 d5
16. gxh7+ Kxh7 17. Bxd5 Bxd5 18. exd5 Qxd5 19. Rg1 Bh4+ 20. Kf1 e4 21. Qg4 Bf6
22. Bg5 Bxg5 23. Qxg5 Rg8 24. f6 Qxg5 25. Rxg5 exd3 26. cxd3 gxf6 27. Rd5 Rad8
28. Rf5 Rg3 29. Re1 Kg6 30. Rf2 Rd6 31. Re7 a5 32. Rg2 Rg5 33. h4 Rxg2 34. Kxg2
Re6 35. h5+ Kxh5 36. Rxf7 Kg6 37. Ra7 Re2+ 38. Kf3 Re3+ 39. Kf4 Rxd3 40. Ke4 Rd2
41. a4 Rb2 42. Kxd4 Rxb3 43. Kd5 Rb4 44. Ke6 Re4+ 45. Kd5 Rxa4 46. Ra6 Rb4 47.
Kc6 f5 48. Rxb6 Rxb6+ 49. Kxb6 f4 0-1

[Event "AUTO-BEG-250"]
[Site "http://www.queenalice.com/game.php?id=466077"]
[Date "2008.9.20"]
[Round "1"]
[White "Flare07"]
[Black "Putz"]
[Result "1-0"]
[WhiteElo "1303"]
[BlackElo "1407"]

1. e4 Nf6 2. Nc3 e5 3. Nf3 c5 4. Bc4 d6 5. O-O g6 6. d3 Ng4 7. h3 Nh6 8. Bd2 a5
9. Nd5 Be6 10. Ng5 Bxd5 11. Bxd5 Ra7 12. Qf3 Bg7 13. Nxf7 Qe7 14. Nxh8 Bxh8 15.
Bxh6 b6 16. a4 Bg7 17. Bxg7 Qxg7 18. c3 h5 19. g3 Nd7 20. Rfd1 Nf6 21. Rab1 Nxd5
22. exd5 Qd7 23. Qf6 Qxh3 24. Qxg6+ Rf7 25. Qxd6 Rf3 26. Qxb6 h4 27. Qe6+ Qxe6
28. dxe6 hxg3 29. fxg3 Rxg3+ 30. Kf2 Rg6 31. b4 Rxe6 32. bxc5 Rf6+ 33. Ke3 Kd7
34. Rb5 Kc6 35. Rxa5 Rd6 36. cxd6 Kxd6 37. Rh1 e4 38. dxe4 1-0

[Event "AUTO-BEG-250"]
[Site "http://www.queenalice.com/game.php?id=466088"]
[Date "2008.9.20"]
[Round "1"]
[White "archiphile"]
[Black "Flare07"]
[Result "1-0"]
[WhiteElo "1741"]
[BlackElo "1476"]

1. d4 d5 2. h3 Nc6 3. Nf3 e6 4. a3 Nf6 5. Bf4 Bd6 6. Be5 O-O 7. e3 b6 8. b4 a6
9. c4 dxc4 10. Bxc4 Bb7 11. O-O Qe7 12. Bd3 Rad8 13. Qc2 Nd7 14. Bxd6 Qxd6 15.
Bxh7+ Kh8 16. Be4 f5 17. Bxc6 Bxc6 18. Nfd2 Qd5 19. f3 e5 20. Nc3 Qe6 21. Qd3
Nb8 22. b5 Bb7 23. f4 Qg6 24. Rf2 exd4 25. exd4 Rfe8 26. Nf3 Qg3 27. Ne2 Qg6 28.
Ne5 Qf6 29. a4 a5 30. Rc1 Re7 31. g4 fxg4 32. Nxg4 Qh4 33. Qg3 Qxg3+ 34. Nxg3 c6
35. Rc4 g6 36. Ne5 Rd6 37. bxc6 Nxc6 38. Rfc2 Ree6 39. Nf7+ 1-0

[Event "AUTO-BEG-250"]
[Site "http://www.queenalice.com/game.php?id=466089"]
[Date "2008.9.20"]
[Round "1"]
[White "Flare07"]
[Black "archiphile"]
[Result "0-1"]
[WhiteElo "1470"]
[BlackElo "1731"]

1. e4 c5 2. Nf3 Nc6 3. Nc3 e6 4. Bb5 Nd4 5. Nxd4 cxd4 6. Ne2 a6 7. Bc4 b5 8. Bb3
Bc5 9. d3 e5 10. O-O d6 11. Ng3 g6 12. Qf3 Be6 13. Bxe6 fxe6 14. Bd2 Qf6 15. b4
Qxf3 16. gxf3 Bb6 17. f4 exf4 18. Bxf4 e5 19. Bg5 h6 20. Bd2 h5 21. h4 Bd8 22.
Bg5 Bxg5 23. hxg5 h4 24. Nh1 Rc8 25. Rac1 Rh5 26. f4 Ne7 27. Kh2 Kd7 28. Kh3 Rc3
29. Kg4 Rh8 30. fxe5 dxe5 31. Rf6 Ra3 32. Ra1 Rh7 33. Nf2 Rc3 34. Rc1 Rc6 35.
Rf8 Kc7 36. a3 Rc3 37. Ra1 Nc6 38. Ra2 Nb8 39. Rf6 Rc6 40. Rf8 Nd7 41. Rg8 Kb7
42. Rb2 Rc3 43. Ra2 Rc6 44. Nh3 Rf7 0-1

[Event "AUTO-BEG-250"]
[Site "http://www.queenalice.com/game.php?id=466094"]
[Date "2008.9.20"]
[Round "1"]
[White "robertot"]
[Black "Flare07"]
[Result "1/2-1/2"]
[WhiteElo "1559"]
[BlackElo "1476"]

1. e4 c5 2. Nf3 d6 3. Bb5+ Nc6 4. Bxc6+ bxc6 5. d4 cxd4 6. Nxd4 c5 7. Nb3 Nf6 8.
Qf3 Bb7 9. Nc3 e5 10. Bg5 Be7 11. Ne2 O-O 12. c4 h6 13. Bxf6 Bxf6 14. O-O Qd7
15. Rfd1 Rad8 16. Ng3 Qe7 17. Nf5 Qe6 18. Qg3 Bg5 19. h4 Qg6 20. hxg5 Bxe4 21.
gxh6 Bxf5 22. hxg7 Kxg7 23. Qxg6+ Bxg6 24. f3 Bc2 25. Rd5 Rh8 26. Rc1 Bxb3 27.
axb3 Rd7 28. Kf2 f5 29. Re1 Kf6 30. Red1 Ke6 31. Ke3 Rh2 32. Kf2 Rh8 33. Kg3 Rb8
34. R1d3 Rg8+ 1/2-1/2

[Event "AUTO-BEG-250"]
[Site "http://www.queenalice.com/game.php?id=466095"]
[Date "2008.9.20"]
[Round "1"]
[White "Flare07"]
[Black "robertot"]
[Result "1-0"]
[WhiteElo "1262"]
[BlackElo "1267"]

1. e4 e5 2. Nf3 Nf6 3. Nc3 Nc6 4. Bc4 Bc5 5. O-O O-O 6. d3 h6 7. Nd5 d6 8. b3
Be6 9. Bb2 Na5 10. Qd2 Nxc4 11. bxc4 c6 12. Ne3 a5 13. a4 Bxe3 14. Qxe3 Ng4 15.
Qd2 Nf6 16. h3 Nd7 17. d4 Bxc4 18. Rfd1 f6 19. Qc3 Be6 20. d5 cxd5 21. exd5 Bf7
22. Rab1 Ra7 23. Ba3 Qe7 24. Qc7 Bh5 25. Bxd6 1-0

[Event "Challenge"]
[Site "http://www.queenalice.com/game.php?id=467826"]
[Date "2008.9.24"]
[Round "-"]
[White "Flare07"]
[Black "Archer"]
[Result "1-0"]
[WhiteElo "1189"]
[BlackElo "1451"]

1. e4 e6 2. Nf3 Qe7 3. Nc3 f5 4. Be2 f4 5. O-O d6 6. d4 Nc6 7. Bxf4 e5 8. dxe5
dxe5 9. Bg5 Nf6 10. Nd5 Qd6 11. Bb5 h6 12. Bh4 g5 13. Bg3 Nxe4 14. Bxe5 Qxe5 15.
Nxe5 Rb8 16. Nxc7+ Ke7 17. Nxc6+ bxc6 18. Bxc6 Nc5 19. Re1+ Be6 20. Qd4 Nb7 21.
Rxe6+ Kf7 22. Qd7+ Kg8 23. Rg6+ Bg7 24. Qxg7# 1-0

[Event "Challenge"]
[Site "http://www.queenalice.com/game.php?id=472630"]
[Date "2008.10.4"]
[Round "-"]
[White "Mars"]
[Black "Flare07"]
[Result "1-0"]
[WhiteElo "1777"]
[BlackElo "1480"]

1. c4 e5 2. d4 Nc6 3. e3 Nf6 4. Nc3 Bb4 5. Qd2 d5 6. Nf3 e4 7. Ne5 Qd6 8. c5 Qe6
9. Bb5 Bd7 10. O-O Ng4 11. Nxg4 Qxg4 12. Be2 Qg6 13. g3 O-O 14. a3 Bxc3 15. Qxc3
Rfe8 16. b4 a6 17. Re1 1-0